LEADER 01109nam a2200253 i 4500 001 000000062836 003 CaOOAMICUS 005 20140507000000.0 008 140507s1951 xx u000 u fre u 013 $a34008 040 $aSeMil$bita 100 1 $aCharlier, Célestin,$c.$0(OLS)http://semarc/name/20930 245 13$aLa lecture chretienne de la Bible /$cdom Célestin Charlier ; Lettre-Préface de son Exc. Mgr Weber. 250 $a5. edition. 260 $a[Maredsous] :$bEditions de Maredsous,$c1951. 300 $aXV, 373 p. ;$c21 cm. 490 0 $aBible et vie chrétienne ;$v2 650 4$aBibbia - Introduzioni.$0(OLS)http://semarc/subject/748 700 1 $aWeber, Jean Julien .$0(OLS)http://semarc/name/21151 830 0$aBible et vie chrétienne ;$v2.$0(OLS)http://semarc/title/32268 850 $aSeMil 852 $aSeMil$W1$xVenegono$y1$m2W V 168/A$j28989$B28989$CSeMilBibl$Z2$F28992 $81 996 $6245$aLa lecture chretienne de la Bible$9(OLS)http://semarc/title/98997 996 $6260$a[Maredsous] :$bEditions de Maredsous$9(OLS)http://semarc/publisher/35758 LEADER 01217nam a2200265 i 4500 001 000000125123 003 CaOOAMICUS 005 20051115000000.0 008 051115s1998 it u000 u ita u 013 $a97821 040 $aSeMil$bita 245 10$aDei diritti dei bambini :$bnei documenti internazionali e nella legislazione italiana /$c[a cura della] Fondazione Roberto Franceschi. 260 $aMilano :$bFondazione Roberto Franceschi,$cstampa 1998. 300 $a87 p. ;$c20 cm. 490 0 $aDocumenti 500 $aA piè del front. : 23 Gennaio 1973 - 23 Gennaio 1999. - Fondo del Card. C.M. Martini. 650 4$aBambini - Diritti.$0(OLS)http://semarc/subject/15005 700 1 $aFondazione Roberto Franceschi.$0(OLS)http://semarc/name/6883 830 0$aDocumenti.$0(OLS)http://semarc/title/424905 850 $aSeMil 852 $aSeMil$W1$xVenegono$y1$m3L II 39$j79620$B79620$CSeMilBibl$Z2$F106130 $81 941 1 $a4 961 $aOmaggio: Martini Card. Carlo Maria 996 $6245$aDei diritti dei bambini :$bnei documenti internazionali e nella legislazione italiana$9(OLS)http://semarc/title/184267 996 $6260$aMilano :$bFondazione Roberto Franceschi$9(OLS)http://semarc/publisher/33985